<?xml version="1.0" encoding="UTF-8"?><collection xmlns="info:lc/xmlns/marcxchange-v2"><record format="Unimarc" type="bibliographic"><leader>00739nam  2200217   450 </leader><controlfield tag="001">2227630</controlfield><controlfield tag="003">http://id.bnportugal.gov.pt/bib/porbase/2227630</controlfield><controlfield tag="005">20090317160744.0</controlfield><datafield ind1=" " ind2=" " tag="010"><subfield code="a">978-1-84176-714-7</subfield></datafield><datafield ind1=" " ind2=" " tag="035"><subfield code="a">CMELV_176.iso/23-11-2009/31462</subfield></datafield><datafield ind1=" " ind2=" " tag="100"><subfield code="a">20080916d2005    m  y0pora0103    ba</subfield></datafield><datafield ind1="0" ind2=" " tag="101"><subfield code="a">eng</subfield></datafield><datafield ind1=" " ind2=" " tag="102"><subfield code="a">GB</subfield></datafield><datafield ind1="1" ind2=" " tag="200"><subfield code="a">French fortresses in North America 1535-1763</subfield><subfield code="e">Québec, Montréal, Louisbourg and New Orleans</subfield><subfield code="f">René Chartrand</subfield><subfield code="g">il. Donato Spedaliere</subfield></datafield><datafield ind1=" " ind2=" " tag="210"><subfield code="a">Oxford</subfield><subfield code="c">Osprey Publishing</subfield><subfield code="d">2005</subfield></datafield><datafield ind1=" " ind2=" " tag="215"><subfield code="a">64 p.</subfield><subfield code="d">25 cm</subfield></datafield><datafield ind1="2" ind2=" " tag="225"><subfield code="a">Fortress</subfield><subfield code="v">27</subfield></datafield><datafield ind1=" " ind2=" " tag="675"><subfield code="a">623.1/.3</subfield><subfield code="v">BN</subfield><subfield code="z">por</subfield></datafield><datafield ind1=" " ind2="0" tag="700"><subfield code="a">Chartrand</subfield><subfield code="b">René</subfield></datafield><datafield ind1=" " ind2="1" tag="702"><subfield code="a">Spedaliere</subfield><subfield code="b">Donato</subfield><subfield code="4">440</subfield></datafield><datafield ind1=" " ind2="0" tag="801"><subfield code="a">PT</subfield><subfield code="b">CMELV</subfield><subfield code="g">RPC</subfield></datafield></record></collection>